Những qui trình kỹ thuật mạ kim loại và hợp kim :Tập 1, Mạ điện

Đã lưu trong:
Sonraí Bibleagrafaíochta
Príomhúdar: Nguyễn Khương
Formáid: Leabhar
Teanga:Vietnamese
Foilsithe: Khoa học kỹ thuật 2006
Ábhair:
Clibeanna: Cuir Clib Leis
Gan Chlibeanna, Bí ar an gcéad duine leis an taifead seo a chlibeáil!
Thư viện lưu trữ: Mạng thư viện Đại học Đà Nẵng
LEADER 01048nam a2200313 a 4500
001 000003361
003 00803
005 20171229145311.0
008 171229s2006 vie
040 |a LSK 
041 0 |a VIE 
082 0 |a 671.7  |b NG-K 
100 1 |a Nguyễn Khương 
245 0 0 |a Những qui trình kỹ thuật mạ kim loại và hợp kim :Tập 1, Mạ điện 
260 |b Khoa học kỹ thuật  |c 2006 
300 |a 246 pages  |c 20,5 cm. 
653 |a Mạ điện - Công nghệ, Mạ hợp kim - Công nghệ 
852 |a Phòng Đọc 
901 |a 1 
927 |a Sách tham khảo 
OWN |a LSK 
AVA |a UDN50  |b LSK  |d 671.7 NG-K  |e available  |t Error 5001 Not defined in file expand_doc_bib_avail.  |f 1  |g 0  |h N  |i 0  |k 1 
999 |a From the UDN01 
AVA |a UDN50  |b LSK  |d 671.7 NG-K  |e available  |t Error 5001 Not defined in file expand_doc_bib_avail.  |f 1  |g 0  |h N  |i 0  |k 1 
TYP |a Monograph 
TYP |a Printed language 
980 |a Mạng thư viện Đại học Đà Nẵng